Statistics for 2023-24 FIFA PREMIER LEAGUE PLAYER BY PICTURE #3

Click here to take the quiz!

General Stats

  • This quiz has been taken 57 times
  • The average score is 7 of 8

Answer Stats

Answer% Correct
Alisson
100%
Kai Havertz
94%
Michail Antonio
90%
James Maddison
88%
Miguel Almirón
87%
Jarrod Bowen
83%
Bernd Leno
81%
Fabian Schär
62%

Score Distribution

Percentile by Number Answered

Percent of People with Each Score

Your Score History

You have not taken this quiz